000 00822cam a22002654a 4500
001 13519718
005 20180220032323.0
008 040310s2005 paua b 001 0 eng
010 _a 2004005807
020 _a0781749883
035 _a(DNLM)101209621
040 _aDNLM/DLC
_cDLC
_dDLC
041 _aeng
042 _apcc
060 1 0 _aQZ 4
_bP851p 2005
080 _a616.07 POR
082 0 0 _a616.07 POR
_222
100 1 _a7
101 _aANA
245 1 0 _aPathophysiology :
_cCarol Mattson Porth.
504 _aIncludes bibliographical references and index.
906 _a7
_bcbc
_corignew
_d1
_eecip
_f20
_gy-gencatlg
942 _2ddc
_cBK
999 _c42862
_d42862